| 000 | 00686nam a2200205Ia 4500 | ||
|---|---|---|---|
| 001 | b3496-25941 [4960] | ||
| 003 | IT-MiCISF | ||
| 008 | 161014s9999||||xx |||||||||||||| ||und|| | ||
| 040 |
_aIT-MiCISF _cIT-MiCISF |
||
| 041 | _ait | ||
| 100 | _aChodorow Nancy J. | ||
| 245 | 0 | _aFemminile maschile sessuale | |
| 250 | _a1a ed. | ||
| 260 |
_a Milano _bLa Tartaruga _c1995 [Edizione originale: 1994] |
||
| 300 | _app. 157 | ||
| 500 | _a / identità-femminile, psicoanalisi, sessualità-femminile, differenza-sessuale, omosessualità, rapporti-uomo-donna, amore, sessualità-maschile, rapporti-genitori-figli / | ||
| 650 | _asessualità | ||
| 942 | _cBK | ||
| 957 | _71 | ||
| 999 |
_a25941 _bsi _g1 _c213865 _d213865 |
||